| 000 | 00598nam a22002057a 4500 | ||
|---|---|---|---|
| 008 | 150714b xxu||||| |||| 00| 0 eng d | ||
| 020 | _a0672311143 | ||
| 041 | 0 | _aeng | |
| 080 | _a005.2 | ||
| 100 | 1 | _aOsier, Dan | |
| 245 | 1 | 0 |
_aTeach yourself Delphi 3 in 14 days / _cDan Osier, Steve Grobman, and Steve Batson. |
| 246 | 3 | _aTeach yourself Delphi 3 in fourteen days | |
| 250 | _a1st ed. | ||
| 260 |
_aIndianapolis, Ind. : _bSams Pub., _c1997. |
||
| 300 |
_a599 f. : _bme il. ; _c23 cm. |
||
| 650 | 0 | _aDelphi (Computer file) | |
| 650 | 0 | _aKompjuterët | |
| 650 | 0 | _aProgramet | |
| 942 |
_2udc _cBK |
||
| 999 |
_c1120 _d1120 |
||